000
00382nam a22001577a 4500
003
MPLRDC
005
20220104114726.0
008
210129b ||||| |||| 00| 0 eng d
082
_a
226.6 FZM v.1
100
_a
冯作民译注
245
_a
禅语录. 上册
_c
260
_a
_b
新时代出版社
_c
300
_b
平
650
_a
佛教宗派--禅宗
942
_c
BK
_o
226.6 FZM v.1
999
_c
9742
_d
9732